Catálogo

El sentido social del gusto : (Registro nro. 61322)

Detalles MARC
000 -LEADER
fixed length control field 00766nam a2200229 u 4500
001 - CONTROL NUMBER
control field 61322
005 - DATE AND TIME OF LATEST TRANSACTION
control field 20180714062916.0
008 - FIXED-LENGTH DATA ELEMENTS--GENERAL INFORMATION
fixed length control field 140703s2012 ag r 000 0 spa d
020 ## - INTERNATIONAL STANDARD BOOK NUMBER
International Standard Book Number 978-987-629-123-1
082 0# - DEWEY DECIMAL CLASSIFICATION NUMBER
Classification number 306
Item number BOU
100 1# - MAIN ENTRY--PERSONAL NAME
Personal name Bourdieu, Pierre,
Relator term autor
245 13 - TITLE STATEMENT
Title El sentido social del gusto :
Remainder of title elementos para una sociología de la cultura /
Statement of responsibility, etc. Pierre Bourdieu.
250 ## - EDITION STATEMENT
Edition statement 1a. ed.
264 #1 - PRODUCTION, PUBLICATION, DISTRIBUTION, MANUFACTURE, AND COPYRIGHT NOTICE
Place of production, publication, distribution, manufacture Buenos Aires, Argentina :
Name of producer, publisher, distributor, manufacturer Siglo Veintiuno Editores,
Date of production, publication, distribution, manufacture, or copyright notice 2012
300 ## - PHYSICAL DESCRIPTION
Extent 288 páginas ;
Dimensions 23 cm.
336 ## - CONTENT TYPE
Content type term texto
Source rdacontent
337 ## - MEDIA TYPE
Media type term sin mediación
Source rdamedia
338 ## - CARRIER TYPE
Carrier type term volumen
Source rdacarrier
490 0# - SERIES STATEMENT
Series statement Biblioteca Clásica de Siglo XXI
650 #0 - SUBJECT ADDED ENTRY--TOPICAL TERM
Topical term or geographic name entry element Sociología de la cultura
700 1# - ADDED ENTRY--PERSONAL NAME
Personal name Gutiérrez, Alicia B.
Existencias
Withdrawn status Lost status Source of classification or shelving scheme Damaged status Not for loan Collection code Home library Current library Shelving location Date acquired Source of acquisition Inventory number Total Checkouts Full call number Barcode Date last seen Date last checked out Price effective from Koha item type
    Dewey Decimal Classification     General Biblioteca Karol Wojtyla Biblioteca Karol Wojtyla Sala general 03/07/2014 Compra 151000000000000000053688   306 BOU 2012 91971 05/01/2026 03/11/2015 03/07/2014 Libro
    Dewey Decimal Classification     General Biblioteca Karol Wojtyla Biblioteca Karol Wojtyla Sala general 03/07/2014 Compra 151000000000000000053687 1 306 BOU 2012 91972 05/01/2026 06/09/2019 03/07/2014 Libro